000 00476nam a2200193Ia 4500
008 210417s9999 xx 000 0 und d
020 _a9788130914831
020 _b8130914832
082 _a649.1 WIL
082 _b22.649.1 WIL
245 0 _aSneaky parenting
245 0 _cSneaky parenting
250 _b183 p. : col. ill. ; 25 cm. ; pbk.
260 _aNew Delhi
260 _bViva Books
260 _c2010
700 _a"Wiltshire, Jo"
700 _bJo Wiltshire
999 _c464899
_d464899